000 00808nas a2200265 454500
001 IICA0700982
003 BR-BrBNA
005 20260323111600.0
007 ta
008 260323b bl.|||p| |||| 00| 00por d
040 _aBR-BrBNA
_bpor
_cBiblioteca Nacional de Agricultura
041 _a(Es)
072 _aP30
100 1 _aMorrás, H.J.M.
100 1 _aPerman, S.
245 1 _aCaracterísticas pedológicas y utilización de algunos suelos halomórficos de los Bajos Submeridionales, Argentina
300 _av. 27(4) p. 397-403
650 _aSOLO
650 _aSOLO HIDROMORFICO
650 _aPEDOLOGIA
650 _aARGENTINA
773 0 _tTURRIALBA (IICA)
_X0041-4360
_g(Oct-Dec 1977), v. 27(4) p. 397-403
_wIICA0700982
909 _a202603
_bLúcia
_c55
_dLúcia Elande
942 _2IICA
_n0
_cANA
999 _c340966
_d340966